Lignes RATP Flandre - Statistiques

Statistiques générales
  • Ce quiz a été pris 48 fois
    8 depuis la dernière actualisation
  • Le résultat moyen est 23 sur 71
Statistiques - réponses
Lignes Destinations % Correct
61 Eglise de Pantin
100%
61 Place d'Italie
100%
150 Porte de la Villette
100%
152 Porte de la Villette
100%
151 Bondy Jouhaux-Blum
67%
248 Drancy RER
67%
248 Fort d'Aubervilliers
67%
330 Fort d'Aubervilliers
67%
N42 Gare de l'Est
67%
61/ Gare de Lyon–Diderot
67%
150/ La Courneuve-Aubervilliers RER
67%
249/ La Courneuve-Aubervilliers RER
67%
133 Le Bourget RER
67%
173/ Mairie de Saint Ouen République
67%
75 Panthéon
67%
150 Pierrefitte Stains RER
67%
350 Porte de la Chapelle
67%
75 Porte de Pantin
67%
151 Porte de Pantin
67%
249 Porte des Lilas
67%
150/ 6 Routes
33%
N13 Bobigny - Pablo Picasso
33%
75/ Colonel Fabien
33%
249 Dugny Place Valérie André
33%
133/ Gare de Sarcelles Saint Brice
33%
133/ Garges Sarcelles RER
33%
152/ La Courneuve 8 Mai 1945
33%
173 La Courneuve 8 Mai 1945
33%
173/ La Plaine Stade de France RER
33%
173/ La Plaine Stade de France RER
33%
150/ Mairie d'Aubervilliers
33%
173/ Mairie d'Aubervilliers
33%
248/ Mairie de Drancy
33%
150/ Mairie de Stains
33%
152/ Musée de l'Air et de l'Espace
33%
75/ Pont Neuf
33%
173 Porte de Clichy
33%
150/ Quatre Chemins République
33%
249/ Quatre-Chemins-République
33%
75/ République
33%
350 Roissypôle
33%
173/ Saint Ouen RER
33%
133 Sarcelles Bois d'Ecouen
33%
173/ Stade de France Saint Denis RER
33%
61/ Voltaire–Léon Blum
33%
133/ Albert Chardavoine
0%
N42 Aulnay-sous-Bois - Garonor
0%
173/ Canal
0%
N42/ Condorcet
0%
75/ Coutellerie
0%
249/ Danielle Casanova-Pont Blanc
0%
249/ Dugny Centre Ville
0%
249/ Dugny La Courneuve
0%
151/ Escadrille Normandie-Niémen Jean Jaurès
0%
173/ Fort d'Aubervilliers Danielle Casanova
0%
152/ Fort d'Aubervilliers Métro
0%
61/ Gare d'Austerlitz
0%
173/ Général Leclerc - Victor Hugo
0%
152/ Jean Jaurès-Division Leclerc
0%
150/ Le Globe
0%
249/ Lycée Simone Weil
0%
152/ Magenta
0%
N13 Mairie d'Issy
0%
350/ Parc des Expositions RER
0%
249/ Place Casanova
0%
151/ Place du 19 Mars 1962
0%
152/ Pont-Yblon–Santos Dumont
0%
330 Raymond Queneau - Anatole France
0%
152/ Rechossière
0%
173/ Victor Hugo - Sanzillon
0%
152 ZAC des Tulipes Nord
0%
Aucun quiz correspondant
Distribution des résultats
% des personnes avec chaque résultat
Percentile par nombre de réponses
Votre historique - résultats
Vous n’avez pas pris ce quiz depuis la dernière actualisation